| 000 | 00643cam a2200229 a 4500 | ||
|---|---|---|---|
| 999 |
_c3974 _d3974 |
||
| 001 | 1691 | ||
| 003 | BD-DhUAP | ||
| 005 | 20200316094332.0 | ||
| 008 | 200316s1996 nyua b 000 0 eng | ||
| 020 | _a0697270661 | ||
| 040 |
_aDLC _cDLC _bEng _dBD-DhUAP |
||
| 082 |
_223 _a808.5 MAY |
||
| 100 | _aMayer, Lyle Vernon. | ||
| 245 | 0 | 0 |
_aFundamentals of voice and articulation / _cLyle V. Mayer. |
| 250 | _a11th ed. | ||
| 260 |
_aNew York : _bMc Graw Hill, _cc1996. |
||
| 300 |
_axiv, 322 pages : _billustrations ; _c18 cm. |
||
| 500 | _aIncludes index. | ||
| 600 |
_aMayer, Lyle Vernon, _d1916- |
||
| 650 | _aVoice culture. | ||
| 942 |
_2ddc _cBK |
||